000 00767cam a22002653a 4500
001 14200
003 PGUSA
005 20140828083314.0
008 041128s2004||||xxu|||||s|||||000 1 eng d
040 _aPGUSA
_beng
042 _adc
050 4 _aPQ
100 1 _aZola, Émile,
_d1840-1902
245 1 0 _aAbbe Mouret's Transgression
_h[electronic resource] /
_cÉmile Zola
260 _bProject Gutenberg,
_c2004
506 _aPublic domain in the USA.
516 _aElectronic text
653 _aCatholics -- Fiction
653 _aClergy -- Fiction
700 1 _aVizetelly, Ernest Alfred,
_d1853-1922
740 0 _aLa faute de l'Abbe Mouret. English
830 0 _aProject Gutenberg
_v14200
856 4 0 _uhttp://www.gutenberg.org/ebooks/14200
942 _cEB
999 _c243455
_d243455